000 00857nam a2200193 i 4500
001 166376
003 ES-MaACL
005 20230906213323.0
008 000216s1900 sp |||| | spa d
100 1 _aTolosa Latour, Manuel,
_d1857-1919
_9110485
245 1 3 _aEl problema infantil y la legislación
_b: apuntes y bases para una ley de protección a la infancia /
_cDoctor Tolosa Latour.
260 _aMadrid :
_b[s.n.],
_c1900 (
_fImp. de la "Revista de Legislación", a cargo de José María Sardá)
300 _a43, [3] p. ;
_c21 cm.
530 _aDisponible en formato digital.
650 4 _aProtección de menores-
_zEspaña.
_9153120
852 _aES-MaACL
_jT-920-F-1
_z- Enc. hol.
_z- Enc. en un vol. facticio
856 _uhttp://bdh-rd.bne.es/viewer.vm?id=0000179250&page=1
_zBiblioteca Digital Hispánica
999 _c166376
_d166376